Xây dựng nhà nước pháp quyền xã hội chủ nghĩa Việt Nam : Lý luận và thực tiễn
Phân tích, lí giải và đề xuất các giải pháp xây dựng nhà nước pháp quyền XHCN Việt Nam trong giai đoạn hiện nay: đổi mới sự lãnh đạo của Đảng đối với nhà nước, đổi mới vai trò, chức năng của nhà nước pháp quyền XHCN trong bối cảnh kinh...
Saved in:
| Main Author: | |
|---|---|
| Format: | Book |
| Language: | Undetermined |
| Published: |
Hà Nội
Chính trị Quốc gia
2010
|
| Subjects: | |
| Tags: |
Add Tag
No Tags, Be the first to tag this record!
|
| Institutions: | Trung tâm Học liệu Trường Đại học Cần Thơ |
|---|
| LEADER | 01284nam a2200241Ia 4500 | ||
|---|---|---|---|
| 001 | CTU_158720 | ||
| 008 | 210402s9999 xx 000 0 und d | ||
| 020 | |c 38000 | ||
| 082 | |a 321.597 | ||
| 082 | |b M107 | ||
| 100 | |a Nguyễn, Văn Mạnh | ||
| 245 | 0 | |a Xây dựng nhà nước pháp quyền xã hội chủ nghĩa Việt Nam : | |
| 245 | 0 | |b Lý luận và thực tiễn | |
| 245 | 0 | |c Nguyễn Văn Mạnh | |
| 260 | |a Hà Nội | ||
| 260 | |b Chính trị Quốc gia | ||
| 260 | |c 2010 | ||
| 520 | |a Phân tích, lí giải và đề xuất các giải pháp xây dựng nhà nước pháp quyền XHCN Việt Nam trong giai đoạn hiện nay: đổi mới sự lãnh đạo của Đảng đối với nhà nước, đổi mới vai trò, chức năng của nhà nước pháp quyền XHCN trong bối cảnh kinh tế thị trường, dân chủ, xã hội dân sự... | ||
| 650 | |a Vietnam,Legislative bodies,Việt Nam,Cơ quan lập pháp | ||
| 650 | |x Politics and government,Chính quyền và hoạt động chính trị | ||
| 650 | |z Vietnam,Việt Nam | ||
| 904 | |i Trọng Hải | ||
| 980 | |a Trung tâm Học liệu Trường Đại học Cần Thơ | ||